Normal view MARC view

Entry Personal Name

Number of records used in: 1

001 - CONTROL NUMBER

  • control field: 10041

003 - CONTROL NUMBER IDENTIFIER

  • control field: DLC

005 - DATE AND TIME OF LATEST TRANSACTION

  • control field: 20231205144151.0

008 - FIXED-LENGTH DATA ELEMENTS

  • fixed length control field: 890710n| acannaab| |n aaa c

010 ## - LIBRARY OF CONGRESS CONTROL NUMBER

  • LC control number: nr 89008629

040 ## - CATALOGING SOURCE

  • Original cataloging agency: MiU
  • Transcribing agency: MiU

100 10 - HEADING--PERSONAL NAME

  • Personal name: Gunn, Simon,
  • Dates associated with a name: 1954-

670 ## - SOURCE DATA FOUND

  • Source citation: His Revolution on the right, 1989:
  • Information found: t.p. (Simon Gunn) jkt. (b. 1954; Fellow of the Transnational Institute; with Sunderland Polytechnic)

Powered by Koha